00484nam a2200145 a 450000500170000000800410001702000180005805000230007610000180009924500620011726000450017952000670022465000260029165000210031720140412111301.0010425s19uu xx 00 eng d a0-689-50537-x aTR(PS EbDi54 1992 aSerfozo, Mary aDirty Kurt /cMary Serfozo ; illustrated by Nancy Poydar. aNew York :bMacmillan publishing,c1992. aDescribes a little boy named Kurt who has an affinity for dirt aCleanliness - Fiction aStories in Rhyme